000
00284nam a22001337a 4500
008
171010b xxu||||| |||| 00| 0 eng d
020
_a
9780801483882
041
_a
eng
080
_a
316
100
_a
50
101
_a
SOC
245
_a
DIOSRDERLY WOMEN
_c
JUSTER,S
942
_2
udc
_c
BK
999
_c
32821
_d
32821